El Mito de las privatizaciones en Chile /

Сохранить в:
Библиографические подробности
Главный автор: Vergara Estévez, Jorge
Формат: Текст
Предметы:
Метки: Добавить метку
Нет меток, Требуется 1-ая метка записи!

MARC

LEADER 00000 a a2200000 04500
001 11788
003
040
100 |a Vergara Estévez, Jorge  
245 |a El Mito de las privatizaciones en Chile /  |c Jorge Vergara Estévez 
650 |a PRIVATIZACION  
650 |a CONSECUENCIAS ECONOMICAS  
650 |a CONSECUENCIAS SOCIALES  
650 |a CHILENOS  
773 |g número 109; páginas 23-29  
999 |c 25348  |d 25348 
773 0 |0 41641  |9 2449  |a Departamento Ecuménico de Investigaciones (DEI)  |d San José, Costa Rica Departamento Ecuménico de Investigaciones (DEI)  |o 20193  |t Pasos /